00759nam a2200217 450000100060000000300080000600500170001400800410003103500190007204000270009104100080011808200240012610000140015024501450016426000400030930000210034950000970037050400260046765000140049370000340050763861BD-RjUL20211209081237.0170204s1966 nyu b 000 0 eng  a(BD-RjUL)63991 aDLCcSUCdBD-RjULbeng1 aeng 223a891.5bSAG 19660 aSaʿdī.14aThe Gulistan :bor Rose garden, of Saʿdī /cTranslated by Edward Rehatsek. Edited with a pref. by W. g. Archer, Introd. by G. M. Wickens. aNew York :bCapricorn Books,c1966. a256 p. ;c22 cm. a"The present edition ... follows the complete and unexpurgated translation printed in 1888." aIncludes Bibliography a Saʻdī1 aRehatsek, Edward,d1819-1891.